000 01021nam a2200301 i 4500
003 EG-GICUC
005 20260514143000.0
008 260514s1897 ua |||fr|||| 000 0 Fre d
040 _aEG-GiCUC
_bfre
_cEG-GiCUC
_dEG-GiCUC
_eRda
041 0 _afre
082 0 4 _a345.141
_b
_221
092 0 4 _221
099 _aLaw 07 345.141 LÉ 1897
110 _aGouvernement Égyptien,
_bMinistére De L'Intérieur.
_eAuteur
245 2 0 _aLégislation Administrative Et Criminelle /
_cPar Gouvernement Égyptien (Ministére De L'Intérieur).
_b
264 1 _aLe Caire:
_bImprimerie Nationale,
_c1897.
300 _a408 Page ;
_c 24 Cm.
336 _2rda contenu
_a texte
337 _2rda medias
_aOrdinateur
338 _2 transporteur rda
_a Ressource en ligne
546 _aTexte en français
650 1 _aDroit Administratif
650 1 _aLégislation Administrative
650 1 _aLégislation Criminelle
856 4 0 _uhttps://fll.law.cu.edu.eg/fulltext/bks/B07-05702.pdf
905 _a64
942 _2ddc
_n0
_cBK
_e21
999 _c76898
_d76898